Top 10 kleinste landen van de wereld - Statistieken

Algemene statistieken
  • Deze quiz is 151 keer genomen
  • De gemiddelde score is 6 van 10
Antwoordstatistieken
Hint Antwoord % Correct
1. 0.4920977km² Vaticaanstad
96%
2. 2.020191km² Monaco
89%
5. 62.15971km² San Marino
89%
6. 160.5793km² Liechtenstein
80%
3. 20.97890km² Nauru
57%
4. 25.89988km² Tuvalu
53%
8. 261.5888km² Saint Kitts en Nevis
49%
10. 315.9785km² Malta
48%
7. 181.2992km² Marshalleilanden
28%
9. 310.7986km² Malediven
16%
Geen overeenkomende quizzen gevonden
Scoreverdeling
Procent van Mensen met Elke Score
Percentiel versus Aantal Correcte Antwoorden
Uw Scoregeschiedenis
U heeft deze quiz nog niet genomen